[Event "Buryatia-ch"]
[Site "Ulan-Ude"]
[Date "2006.12.09"]
[Round "8"]
[White "Batagaev, Yuriy"]
[Black "Khuriganov, Zhargal Tangarovic"]
[Result "0-1"]
[WhiteElo "2057"]
[BlackElo "2138"]
[PlyCount "57"]
[EventDate "2006.12.02"]
[EventType "swiss"]
[EventRounds "9"]
[EventCountry "RUS"]
[SourceTitle "EXT 2008"]
[Source "ChessBase"]
[SourceDate "2007.11.25"]
[SourceVersion "1"]
[SourceVersionDate "2007.11.25"]
[SourceQuality "1"]

1. e4 d5 2. exd5 Qxd5 3. Nc3 Qa5 4. d4 Nf6 5. Bc4 c6 6. Nf3 Bg4 7. 0-0 e6 8. h3 Bh5 9. Re1 Be7 10. Re5 Qc7 11. Rxh5 Nxh5 12. Ne5 Nf6 13. Qe2 0-0 14. Nxf7 Kxf7 15. Qxe6+ Ke8 16. Bf4 Qd7 17. Qe5 Nd5 18. Bxd5 Qf5 19. Re1 Qxe5 20. Bxe5 Kd8 21. Bxg7 cxd5 22. Nxd5 Rf7 23. Nxe7 Rxg7 24. Nf5 Rc7 25. c3 a5 26. d5 Ra6 27. Nd4 Kd7 28. Ne6 Rc8 29. f4 0-1

[Event "Buryatia-ch"]
[Site "Ulan-Ude"]
[Date "2006.12.06"]
[Round "6"]
[White "Zandanov, Budozhap"]
[Black "Batagaev, Yuriy"]
[Result "0-1"]
[WhiteElo "2149"]
[BlackElo "2067"]
[PlyCount "54"]
[EventDate "2006.12.02"]
[EventType "swiss"]
[EventRounds "9"]
[EventCountry "RUS"]
[SourceTitle "EXT 2008"]
[Source "ChessBase"]
[SourceDate "2007.11.25"]
[SourceVersion "1"]
[SourceVersionDate "2007.11.25"]
[SourceQuality "1"]

1. e4 c5 2. Nf3 Nc6 3. Bb5 g6 4. d4 Bg7 5. c3 cxd4 6. cxd4 Nf6 7. e5 Qa5+ 8. Nc3 Ne4 9. Qd3 d5 10. Bd2 Nxd2 11. Qxd2 a6 12. Nxd5 axb5 13. Qxa5 Rxa5 14. b4 Ra3 15. Nc7+ Kd8 16. Nxb5 Ra4 17. 0-0 Rxb4 18. a4 Bf5 19. Ng5 Ke8 20. f4 Nxd4 21. Rfd1 Nc6 22. Rac1 f6 23. Rxc6 fxg5 24. Rc8+ Kf7 25. Rxh8 Bxh8 26. g3 gxf4 27. gxf4 Rxf4 0-1